000 00498nam a22001577a 4500
999 _c263966
_d263965
003 OSt
005 20240620140929.0
008 240620b xxu||||| |||| 00| 0 eng d
040 _cRU
050 _aSB484
_b.K57 2022
100 _aSaranta, Moses Kipainoi
245 _aLivestock Improvement and Pastoralists Livelihood Outcomes:
_bA Study of Shiwal Cattles Adoption Among Isiria Maasai of Narok County, Kenya
260 _aKenya
_bSaranta Moses
_c2022
300 _axiv. ;210p.
942 _2lcc
_cTH